000 00379nam a22001577a 4500
003 OSt
008 200713b ||||| |||| 00| 0 eng d
082 _a547 VIA
100 _aVISHNOI ,N.K
245 _aAdvanced Practical Organic Chemistry
250 _a2017
260 _aNew Delhi
_bVikas Pub.
300 _a536
650 _aPharmaceutical Organic Chemisty
942 _2ddc
_cBK
999 _c8857
_d8857